000 00501nam a2200181 a 4500
001 000017427
005 20200929165117.0
008 100324s1976 dr 000 f spa d
040 _aDO-SdBNP
_bspa
_cBNPHU
082 _a891.73
_bG669p
100 1 _aGorki, Máximo,
_d1868-1936
_938111
245 1 3 _aEl patrono /
_cMáximo Gorki.
260 _aSanto Domingo :
_bAlfa y Omega,
_c1976.
300 _a189 p. ;
_c21 cm.
650 4 _aNovela rusa
_94742
650 4 _aLiteratura rusa
_94743
049 _aBNPD
999 _c16952
_d16952